000 01653cas a2200421 a 4500
001 11278616
003 OSt
005 20110520131109.0
008 830602c19769999ke uu w 0 a0eng
010 _a 83980268
035 _a(OCoLC)ocm09567320
040 _aDLC
_cDLC
_dNST
_dMH
_dOCoLC
_dNST
_dOCoLC
_dMiEM
042 _alc
043 _af-ke---
050 0 0 _aLAW
050 1 4 _aKSK18.A2
_bK46
082 0 _a348.0416762
_222
245 0 4 _aThe East African Protectorate : Kenya law reports 1906 - 1908 Vol. II /
246 1 3 _aKLR
260 _aNairobi :
_bOceana Publications,
_c1967-
300 _av. ;
_c26 cm.
362 0 _a1976-
500 _aIncludes reports of decisions of the High Court of Kenya and the Court of Appeal for East Africa.
500 _aPublished by: The National Council for Law Reporting, <2003->.
500 _aLatest issue consulted: 2004.
515 _aPublication suspended with 1980; resumed publication with <1981/1992, published 2002>.
515 _a2004 issued in 2 vols.
590 _aSERBIB/SERLOC merged record
650 0 _aLaw reports, digests, etc.
_zKenya.
_94252
710 1 _aKenya.
_bHigh Court.
_94253
710 2 _aCourt of Appeal for East Africa.
_92556
710 2 _aNational Council for Law Reporting (Kenya)
_94251
906 _a7
_bcbc
_cserials
_d2
_encip
_f19
_gn-oclcserc
942 _2ddc
_cLRT
999 _c2134
_d2134